UK residential real estate agency (Record no. 116001)

MARC details
000 -LEADER
fixed length control field 02236cad a22003615a 4500
001 - CONTROL NUMBER
control field L159561
008 - FIXED-LENGTH DATA ELEMENTS--GENERAL INFORMATION
fixed length control field 151111s2017 xxk f 001 0 eng d
020 ## - INTERNATIONAL STANDARD BOOK NUMBER
International Standard Book Number 9781783212026
035 ## - SYSTEM CONTROL NUMBER
System control number (Sirsi) u159561
041 0# - LANGUAGE CODE
Language code of text/sound track or separate title eng
050 04 - LIBRARY OF CONGRESS CALL NUMBER
Classification number 333.33 $2 18
110 2# - MAIN ENTRY--CORPORATE NAME
Corporate name or jurisdiction name as entry element Royal Institution of Chartered Surveyors
9 (RLIN) 4900
240 ## - UNIFORM TITLE
Uniform title Blue Book
245 00 - TITLE STATEMENT
Title UK residential real estate agency
250 ## - EDITION STATEMENT
Edition statement 6th ed.
260 ## - PUBLICATION, DISTRIBUTION, ETC.
Place of publication, distribution, etc. London,
Name of publisher, distributor, etc. RICS,
Date of publication, distribution, etc. 2017
490 #0 - SERIES STATEMENT
Series statement RICS Professional Statement
490 #0 - SERIES STATEMENT
Series statement RICS Blue Book
490 #0 - SERIES STATEMENT
Series statement RICS Guidance Note
505 2# - FORMATTED CONTENTS NOTE
Formatted contents note Acknowledgments -- RICS professional standards and guidance -- Real Estate Agency Code -- Real estate agency and brokerage and real estate management: RICS professional statement -- Standards and ethics -- Before securing instructions -- Acting for the seller or landlord: marketing the property -- Acting for the seller: implementing the sale or lease -- Acting for the buyer -- Acting for the landlord: letting the property -- Ending the instruction -- Appendinx A: Glossary.
520 ## - SUMMARY, ETC.
Summary, etc. Effective from 11/09/2017, supersedes 5th edition.
520 ## - SUMMARY, ETC.
Summary, etc. With the increased focus on the need for ethical practice and transparency in the residential property market this RICS professional statement sets out clearly the responsibilities of residential property agents to ensure they are working to the highest ethical and professional standards. Part 1 of this document outlines the principles that shape the culture of fairness and transparency that underpin all activities undertaken by real estate agents within whichever country of practice. Part 2 of this document develops these principles for the UK market.
521 ## - TARGET AUDIENCE NOTE
Target audience note Advanced
590 ## - LOCAL NOTE (RLIN)
Local note KA NTK
650 24 - SUBJECT ADDED ENTRY--TOPICAL TERM
Topical term or geographic name entry element PROPERTY PROFESSIONALS
650 24 - SUBJECT ADDED ENTRY--TOPICAL TERM
Topical term or geographic name entry element RESIDENTIAL ESTATE AGENCY
650 24 - SUBJECT ADDED ENTRY--TOPICAL TERM
Topical term or geographic name entry element Real Estate Agency Code
651 #4 - SUBJECT ADDED ENTRY--GEOGRAPHIC NAME
Geographic name United Kingdom
690 ## - LOCAL SUBJECT ADDED ENTRY--TOPICAL TERM (OCLC, RLIN)
Topical term or geographic name as entry element PROPERTY-RESIDENTIAL PROPERTY-ACQUISITION AND DISPOSAL OF RESIDENTIAL PROPERTY
690 ## - LOCAL SUBJECT ADDED ENTRY--TOPICAL TERM (OCLC, RLIN)
Topical term or geographic name as entry element Residential property
9 (RLIN) 6266
856 41 - ELECTRONIC LOCATION AND ACCESS
Uniform Resource Identifier <a href="https://www.rics.org/uk/upholding-professional-standards/sector-standards/real-estate/uk-residential-real-estate-agency/">https://www.rics.org/uk/upholding-professional-standards/sector-standards/real-estate/uk-residential-real-estate-agency/</a>
Public note View the Blue Book free of charge at www.rics.org
942 ## - ADDED ENTRY ELEMENTS (KOHA)
Suppress in OPAC 0
Source of classification or shelving scheme Dewey Decimal Classification
Holdings
Withdrawn status Lost status Source of classification or shelving scheme Damaged status Not for loan Home library Current library Shelving location Date acquired Total Checkouts Full call number Barcode Date last seen Copy number Price effective from Koha item type
    Dewey Decimal Classification     Virtual Virtual Online 11/09/2017   ONLINE PUBLICATION 159561-2001 23/03/2023 1 06/08/2019 Book